Everything volcanoes & earthquakes / (Record no. 3714)

MARC details
000 -LEADER
fixed length control field 01915cam a22004937i 4500
001 - CONTROL NUMBER
control field 3714
003 - CONTROL NUMBER IDENTIFIER
control field FISKH
005 - DATE AND TIME OF LATEST TRANSACTION
control field 20240430084257.0
008 - FIXED-LENGTH DATA ELEMENTS--GENERAL INFORMATION
fixed length control field 140430s2013 dcuab j 001 0 eng d
010 ## - LIBRARY OF CONGRESS CONTROL NUMBER
LC control number 2013372338
020 ## - INTERNATIONAL STANDARD BOOK NUMBER
International Standard Book Number 9781426313653 (reinforced library binding)
020 ## - INTERNATIONAL STANDARD BOOK NUMBER
International Standard Book Number 9781426313646 (paperback)
020 ## - INTERNATIONAL STANDARD BOOK NUMBER
International Standard Book Number 1426313659 (reinforced library binding)
020 ## - INTERNATIONAL STANDARD BOOK NUMBER
International Standard Book Number 1426313640 (paperback)
035 ## - SYSTEM CONTROL NUMBER
System control number (OCoLC)ocn825046848
040 ## - CATALOGING SOURCE
Original cataloging agency YDXCP
Language of cataloging eng
Transcribing agency YDXCP
Description conventions rda
Modifying agency BTCTA
-- IOS
-- OI6
-- OCLCO
-- CPL
-- OCLCF
-- KCP
-- DLC
042 ## - AUTHENTICATION CODE
Authentication code lccopycat
050 00 - LIBRARY OF CONGRESS CALL NUMBER
Classification number QE521.3
Item number .F87 2013
082 04 - DEWEY DECIMAL CLASSIFICATION NUMBER
Classification number 551.2
Edition number 23
100 1# - MAIN ENTRY--PERSONAL NAME
Personal name Furgang, Kathy,
245 10 - TITLE STATEMENT
Title Everything volcanoes & earthquakes /
Statement of responsibility, etc. by Kathy Furgang, with National Geographic Explorer Carsten Peter.
260 ## - PUBLICATION, DISTRIBUTION, ETC.
Place of publication, distribution, etc. Washington :
Name of publisher, distributor, etc. Scholastic,
Date of publication, distribution, etc. 2013.
300 ## - PHYSICAL DESCRIPTION
Extent 64 pages :
Other physical details color illustrations, color map ;
Dimensions 29 cm.
336 ## - CONTENT TYPE
Content type term text
Content type code txt
Source rdacontent
337 ## - MEDIA TYPE
Media type term unmediated
Media type code n
Source rdamedia
338 ## - CARRIER TYPE
Carrier type term volume
Carrier type code nc
Source rdacarrier
490 1# - SERIES STATEMENT
Series statement National Geographic kids. Everything series
520 ## - SUMMARY, ETC.
Summary, etc. Introduces kids to plate tectonics and the tumultuous forces brewing beneath the Earth's surface that result in massive volcanoes and earth-shattering earthquakes. Includes over 100 photos and pictures, field notes, quizzes, and an interactive glossary --
650 #0 - SUBJECT ADDED ENTRY--TOPICAL TERM
Topical term or geographic name entry element Earthquakes
Form subdivision Juvenile literature.
650 #0 - SUBJECT ADDED ENTRY--TOPICAL TERM
Topical term or geographic name entry element Volcanoes
Form subdivision Juvenile literature.
650 #0 - SUBJECT ADDED ENTRY--TOPICAL TERM
Topical term or geographic name entry element Submarine volcanoes
Form subdivision Juvenile literature.
650 #1 - SUBJECT ADDED ENTRY--TOPICAL TERM
Topical term or geographic name entry element Earthquakes.
650 #1 - SUBJECT ADDED ENTRY--TOPICAL TERM
Topical term or geographic name entry element Volcanoes.
650 #1 - SUBJECT ADDED ENTRY--TOPICAL TERM
Topical term or geographic name entry element Submarine volcanoes
650 #7 - SUBJECT ADDED ENTRY--TOPICAL TERM
Topical term or geographic name entry element Earthquakes.
650 #7 - SUBJECT ADDED ENTRY--TOPICAL TERM
Topical term or geographic name entry element Submarine volcanoes.
650 #7 - SUBJECT ADDED ENTRY--TOPICAL TERM
Topical term or geographic name entry element Volcanoes.
655 #7 - INDEX TERM--GENRE/FORM
Genre/form data or focus term Juvenile works.
700 1# - ADDED ENTRY--PERSONAL NAME
Personal name Peter, Carsten,
Relator term Explorer
906 ## - LOCAL DATA ELEMENT F, LDF (RLIN)
a 7
b cbc
c copycat
d 2
e ncip
f 20
g y-gencatlg
942 ## - ADDED ENTRY ELEMENTS (KOHA)
Source of classification or shelving scheme Dewey Decimal Classification
Koha item type Books
Suppress in OPAC No
Holdings
Withdrawn status Lost status Source of classification or shelving scheme Damaged status Not for loan Collection Home library Current library Shelving location Date acquired Total Checkouts Full call number Barcode Date last seen Price effective from Koha item type
    Dewey Decimal Classification     Non-Fiction Footprints International School Library Network Toul Kork Campus Footprints International School Library Network Toul Kork Campus   04/23/2024   FUR 551.2 QE521.F87 FISTK05603 04/23/2024 04/23/2024 Books